| 000 | 00750nam a22001817a 4500 | ||
|---|---|---|---|
| 008 | 110906t xxu||||| |||| 00| 0 eng d | ||
| 020 | _a0072563206 9780072563207 | ||
| 050 | _aBF121.L214 (Guide) | ||
| 100 | _aLandrum, R. Eric. | ||
| 245 |
_aPractice tests for use with Psychology : an introduction [by] Benjamin B. Lahey / _cprepared by R. Eric Landrum. |
||
| 250 | _a8th ed. | ||
| 260 |
_aBoston : _bMcGraw-Hill, _cc2004 |
||
| 300 |
_av, 68 p. ; _c28 cm. |
||
| 505 | _aContents: Preface -- Introduction -- Awareness -- Learning and cognition -- Developmental psychology -- The Self -- Health and adjustment -- The Social context | ||
| 650 | _aPsychology --Examinations, questions, etc. | ||
| 650 | _aPsychology --Study guides. | ||
| 942 |
_2lcc _cBK |
||
| 999 |
_c73 _d7573 |
||